000 00651nam a2200253Ia 4500
003 OSt
005 20221007110101.0
006 a|||||r|||| 00| 0
007 ta
008 221006b |||||||| |||| 00| 0 eng d
024 _a20,324
037 _cTextual
040 _aLCO
_cLCO
_beng
041 _2eng
_aeng
082 _aZ2,122, M3
100 _aGupta S.N
245 0 _aPersonal Law
_b Marriage and Divorce
250 _a1st
260 _aDelhi
_bCommercial Law Publications India
_c1983
300 _a255
650 _aMARRIAGE AND DIVORCE
942 _hZ2,122, M3
_cTEXL
999 _c1189887
_d1189887